Evaluación educacional

Sparad:
Bibliografiska uppgifter
Huvudupphovsman: Briones, Guillermo (Författare, medförfattare)
Materialtyp: Bok
Språk:spanska
Publicerad: Santiago SECAB 1993
Upplaga:2a. ed
Serie:Formación de Docentes en Investigación Educativa, 5
Ämnen:
Taggar: Lägg till en tagg
Inga taggar, Lägg till första taggen!

MARC

LEADER 00000nam a2200000 a 4500
001 UCH4619
003 CL-VaPUC
008 090827e19930000CL |||||||||||||||||spa|d
020 |a 9589089186 
082 0 4 |a 371.26  |b BRI  |2 21 
100 0 |a Briones, Guillermo  |e author  |9 540256 
245 1 0 |a Evaluación educacional 
250 |a 2a. ed 
300 |a 197 p 
942 |c BK 
945 |d 20090827 00:00:00  |a rbrito 
260 |a Santiago  |b SECAB  |c 1993 
650 0 |a Evaluación de la educación   |9 237505 
650 0 |a Aprendizaje   |9 254827 
650 7 |a EVALUACION CURRICULAR  |2 CL-VaPUC  |9 308585 
583 |a last modification  |c 20090827 00:00:00  |k Rodrigo Vera 
490 0 |a Formación de Docentes en Investigación Educativa, 5 
999 |c 335894  |d 335892 
952 |0 0  |1 0  |4 0  |6 371_260000000000000_BRI_1993  |7 0  |8 A  |9 426726  |a BIBEDU  |b BIBEDU  |d 2019-11-22  |i 4594673  |o 371.26 BRI 1993  |p 4594673  |r 2019-11-22  |w 2019-11-22  |y BK  |k BME 
952 |0 0  |1 0  |4 0  |6 371_260000000000000_BRI_1993  |7 0  |8 A  |9 426727  |a BIBEDU  |b BIBEDU  |d 2019-11-22  |i 4594681  |o 371.26 BRI 1993  |p 4594681  |r 2019-11-22  |w 2019-11-22  |y BK  |k BME